[Event "Tradewise Gibraltar Chess Festival 2013"]
[Site "Gibraltar ENG"]
[Date "2013.01.30"]
[Round "9.35"]
[White "Akesson, Ralf"]
[Black "Spence, David J"]
[Result "1-0"]
[WhiteElo "2441"]
[BlackElo "2226"]
[PlyCount "97"]
[EventDate "2013.01.22"]
[EventType "swiss"]
[EventRounds "10"]
[EventCountry "ENG"]
[Source "lmi"]
[SourceDate "2013.01.22"]

1. d4 e6 2. c4 Nf6 3. Nf3 Bb4+ 4. Nbd2 b6 5. a3 Bxd2+ 6. Qxd2 Bb7 7. e3 d6 8.
b4 Nbd7 9. Bb2 O-O 10. Be2 Qe7 11. O-O Ne4 12. Qc2 f5 13. Rad1 a5 14. d5 e5 15.
Ne1 axb4 16. axb4 Ra2 17. Nd3 Rfa8 18. f3 Nef6 19. Nc1 R2a4 20. Bc3 Ra3 21. Nb3
Kh8 22. Ra1 Rxa1 23. Rxa1 Rxa1+ 24. Bxa1 b5 25. Na5 Ba8 26. Qxf5 bxc4 27. e4
Qe8 28. Nxc4 Qb8 29. Bc3 Qa7+ 30. Kf1 Bb7 31. Qg5 Ba6 32. Qe3 Qa8 33. Na5 Bxe2+
34. Qxe2 Qa7 35. Be1 h6 36. Qc4 Ne8 37. Qc6 Ndf6 38. Bf2 Qb8 39. Qb7 Qd8 40.
Nc6 Qd7 41. Qa8 Kh7 42. Qd8 Qf7 43. h4 Nh5 44. Be3 Ng3+ 45. Ke1 Qg6 46. Ne7 Qh5
47. Bf2 Nh1 48. Nf5 Qg6 49. g4 1-0

[Event "Tradewise Gibraltar Chess Festival 2013"]
[Site "Gibraltar ENG"]
[Date "2013.01.30"]
[Round "9.36"]
[White "Kuipers, Stefan"]
[Black "Zygouris, Hristos"]
[Result "1-0"]
[WhiteElo "2431"]
[BlackElo "2218"]
[PlyCount "61"]
[EventDate "2013.01.22"]
[EventType "swiss"]
[EventRounds "10"]
[EventCountry "ENG"]
[Source "lmi"]
[SourceDate "2013.01.22"]

1. e4 c6 2. Nc3 d5 3. Nf3 Bg4 4. h3 Bxf3 5. Qxf3 e6 6. d3 Nf6 7. Qg3 g6 8. h4
Nbd7 9. Be2 h5 10. O-O Bc5 11. Bg5 Bd4 12. exd5 exd5 13. Rae1 O-O 14. Nd1 Qb8
15. Qh3 Qd6 16. c3 Bb6 17. g3 Rfe8 18. d4 c5 19. Bb5 Rxe1 20. Rxe1 cxd4 21. Bf4
Qc5 22. Bxd7 dxc3 23. bxc3 Qa5 24. a4 a6 25. Bc8 Qxa4 26. Bxb7 Rd8 27. Bg5 Kg7
28. Qf1 Rd6 29. Bf4 Rd8 30. Qxa6 Qb3 31. Be5 1-0

[Event "Tradewise Gibraltar Chess Festival 2013"]
[Site "Gibraltar ENG"]
[Date "2013.01.30"]
[Round "9.37"]
[White "Bergstrom, Rolf"]
[Black "David, Alberto"]
[Result "0-1"]
[WhiteElo "2286"]
[BlackElo "2599"]
[PlyCount "72"]
[EventDate "2013.01.22"]
[EventType "swiss"]
[EventRounds "10"]
[EventCountry "ENG"]
[Source "lmi"]
[SourceDate "2013.01.22"]

1. e4 c5 2. Nf3 d6 3. Bc4 Nf6 4. d3 Nc6 5. c3 g6 6. O-O Bg7 7. Bb3 O-O 8. Re1
Rb8 9. h3 b5 10. a3 a5 11. d4 a4 12. Ba2 Nd7 13. Bg5 h6 14. Bh4 Re8 15. d5 Na5
16. Nbd2 b4 17. Rc1 Ba6 18. Qxa4 b3 19. Nxb3 Nxb3 20. Bxb3 Bb5 21. Qa7 Ra8 22.
Qb7 Qa5 23. a4 Rab8 24. Qxb8 Rxb8 25. axb5 Qxb5 26. Nd2 Be5 27. Rc2 g5 28. Bc4
Qa4 29. b3 Qa5 30. b4 cxb4 31. cxb4 Rxb4 32. Bg3 Bxg3 33. fxg3 Rxc4 34. Rxc4
Qxd2 35. Rec1 Nc5 36. Kh2 Nxe4 0-1

[Event "Tradewise Gibraltar Chess Festival 2013"]
[Site "Gibraltar ENG"]
[Date "2013.01.30"]
[Round "9.38"]
[White "Kulaots, Kaido"]
[Black "Diaz Velandia, Jose Manuel"]
[Result "1-0"]
[WhiteElo "2587"]
[BlackElo "2271"]
[PlyCount "95"]
[EventDate "2013.01.22"]
[EventType "swiss"]
[EventRounds "10"]
[EventCountry "ENG"]
[Source "lmi"]
[SourceDate "2013.01.22"]

1. e4 e5 2. Nf3 Nc6 3. Bc4 d6 4. O-O Bg4 5. h3 Bh5 6. c3 Nf6 7. d3 Qd7 8. a4
Be7 9. a5 a6 10. Nbd2 O-O 11. Re1 Bg6 12. Nf1 Rfe8 13. Bb3 Bd8 14. Ne3 Ne7 15.
g4 c6 16. Nf5 Bc7 17. Bg5 Kh8 18. N3h4 Neg8 19. Qf3 Bd8 20. Be3 Bc7 21. Ng3 Ne7
22. Nhf5 Bxf5 23. gxf5 d5 24. Kh1 Neg8 25. Rg1 Bd8 26. Rg2 Be7 27. Rag1 Bf8 28.
Bg5 Rac8 29. Nh5 Nxh5 30. Qxh5 f6 31. Be3 Red8 32. Bb6 Rc7 33. Qf3 Rcc8 34. Rg3
Ne7 35. Qh5 Qe8 36. Qf3 Rd7 37. Kh2 Qf7 38. Qg2 c5 39. Ba4 Rd6 40. Bd1 Rd7 41.
Bh5 Qg8 42. Qf3 Rd6 43. Qg4 dxe4 44. dxe4 Rd2 45. R1g2 Rxb2 46. Qd1 Qa2 47. Qd7
Rxf2 48. Bd8 1-0

[Event "Tradewise Gibraltar Chess Festival 2013"]
[Site "Gibraltar ENG"]
[Date "2013.01.30"]
[Round "9.39"]
[White "Byron, Alan M"]
[Black "Zatonskih, Anna"]
[Result "0-1"]
[WhiteElo "2167"]
[BlackElo "2491"]
[PlyCount "100"]
[EventDate "2013.01.22"]
[EventType "swiss"]
[EventRounds "10"]
[EventCountry "ENG"]
[Source "lmi"]
[SourceDate "2013.01.22"]

1. d4 e6 2. c4 Nf6 3. Nc3 Bb4 4. e3 O-O 5. Bd3 d5 6. Nge2 c5 7. a3 cxd4 8. exd4
dxc4 9. Bxc4 Bd6 10. h3 Nbd7 11. Ba2 Nb6 12. Bg5 Bd7 13. O-O Bc6 14. Rc1 Be7
15. Bb1 Qd7 16. Qd3 g6 17. Rfd1 Rfd8 18. h4 Rac8 19. Bh6 Ng4 20. Bg5 Nf6 21.
Ng3 Na4 22. Nxa4 Bxa4 23. Rxc8 Rxc8 24. Re1 Rd8 25. h5 Bc6 26. Ba2 Qxd4 27.
Qxd4 Rxd4 28. hxg6 hxg6 29. Be3 Ra4 30. Ne2 a6 31. Rc1 Rh4 32. Nd4 Bd5 33. Rc7
Bd6 34. Rc8+ Kg7 35. Bxd5 Nxd5 36. Rd8 Bh2+ 37. Kf1 Be5 38. Nf3 Rh1+ 39. Ke2
Bxb2 40. Rd7 Bf6 41. Rxb7 Ra1 42. Nd4 Ra2+ 43. Kf3 Nxe3 44. Nxe6+ Kg8 45. Rb8+
Kh7 46. Nf8+ Kg7 47. fxe3 Rd2 48. Re8 Bb2 49. Ne6+ fxe6 50. Rxe6 a5 0-1

[Event "Tradewise Gibraltar Chess Festival 2013"]
[Site "Gibraltar ENG"]
[Date "2013.01.30"]
[Round "9.40"]
[White "Allor, Chukwuka"]
[Black "Poetsch, Hagen"]
[Result "1/2-1/2"]
[WhiteElo "2154"]
[BlackElo "2437"]
[PlyCount "71"]
[EventDate "2013.01.22"]
[EventType "swiss"]
[EventRounds "10"]
[EventCountry "ENG"]
[Source "lmi"]
[SourceDate "2013.01.22"]

1. Nf3 Nf6 2. g3 b5 3. a4 b4 4. Bg2 Bb7 5. c3 e6 6. d3 d5 7. O-O Nbd7 8. a5
bxc3 9. bxc3 c5 10. Qa4 Qc7 11. Bf4 Bd6 12. Bxd6 Qxd6 13. Nbd2 O-O 14. c4 Rab8
15. Rfb1 Bc6 16. Qc2 Qc7 17. cxd5 exd5 18. Rxb8 Rxb8 19. d4 c4 20. e4 dxe4 21.
Ng5 Rb5 22. Ngxe4 Nxe4 23. Nxe4 Rxa5 24. Re1 Nb6 25. Nd2 g6 26. d5 Bd7 27. Qc3
Ra2 28. Qf6 Qb8 29. Re7 Qf8 30. Nxc4 Qg7 31. Qxg7+ Kxg7 32. h4 Kf6 33. d6 Nxc4
34. Rxd7 Ra6 35. Bf1 Rxd6 36. Rxa7 1/2-1/2

[Event "Tradewise Gibraltar Chess Festival 2013"]
[Site "Gibraltar ENG"]
[Date "2013.01.30"]
[Round "9.41"]
[White "Houska, Jovanka"]
[Black "Gaehwiler, Gabriel"]
[Result "1-0"]
[WhiteElo "2416"]
[BlackElo "2269"]
[PlyCount "117"]
[EventDate "2013.01.22"]
[EventType "swiss"]
[EventRounds "10"]
[EventCountry "ENG"]
[Source "lmi"]
[SourceDate "2013.01.22"]

1. d4 Nf6 2. Nf3 g6 3. c4 Bg7 4. g3 O-O 5. Bg2 d6 6. O-O Nc6 7. Nc3 a6 8. e3
Rb8 9. Qe2 b5 10. Rd1 bxc4 11. Qxc4 Nb4 12. a3 Be6 13. Qe2 Nbd5 14. Nxd5 Bxd5
15. Qxa6 Qd7 16. Qe2 Bb3 17. Re1 Qa4 18. Nd2 c5 19. Nxb3 Rxb3 20. Qc2 cxd4 21.
exd4 Nd5 22. Be3 e6 23. Bxd5 exd5 24. Rac1 Rfb8 25. Bf4 Qd7 26. Qc6 Qxc6 27.
Rxc6 Bxd4 28. Bxd6 Ra8 29. Rd1 Bxb2 30. Rb1 Rc3 31. Rxc3 Bxc3 32. Kf1 Kg7 33.
Ke2 Ra4 34. Kd3 Bf6 35. Bb4 h5 36. Kc2 Ra7 37. Rd1 Be7 38. Bxe7 Rxe7 39. Rxd5
h4 40. gxh4 Re2+ 41. Rd2 Re4 42. Kb3 Rxh4 43. a4 Rxh2 44. a5 Kf6 45. a6 Rh8 46.
Kb4 Ke5 47. a7 Ra8 48. Ra2 Ke4 49. Ra3 f5 50. Kc5 g5 51. Kb6 Rf8 52. Kc6 g4 53.
Rb3 Ra8 54. Kb7 Rh8 55. a8=Q Rxa8 56. Kxa8 f4 57. Kb7 g3 58. fxg3 f3 59. Rb4+
1-0

[Event "Tradewise Gibraltar Chess Festival 2013"]
[Site "Gibraltar ENG"]
[Date "2013.01.30"]
[Round "9.43"]
[White "Janev, Pavel"]
[Black "Quillan, Gary"]
[Result "1-0"]
[WhiteElo "2126"]
[BlackElo "2398"]
[PlyCount "111"]
[EventDate "2013.01.22"]
[EventType "swiss"]
[EventRounds "10"]
[EventCountry "ENG"]
[Source "lmi"]
[SourceDate "2013.01.22"]

1. e4 e6 2. d4 d5 3. Nc3 Bb4 4. e5 Ne7 5. a3 Bxc3+ 6. bxc3 c5 7. Qg4 Qc7 8.
Qxg7 Rg8 9. Qxh7 cxd4 10. Ne2 Nbc6 11. f4 Bd7 12. Qd3 dxc3 13. Be3 O-O-O 14.
Nd4 Nxd4 15. Bxd4 Nc6 16. Bxc3 f6 17. exf6 Qxf4 18. g3 Qh6 19. Bg2 d4 20. f7
Rgf8 21. Bd2 Qh5 22. O-O Rxf7 23. Rxf7 Qxf7 24. Rf1 Qh5 25. h4 Qc5 26. Bg5 Rg8
27. Be4 Ne5 28. Qb3 b6 29. Qb4 Nc4 30. Qxc5+ bxc5 31. Kg2 Nd6 32. Bh7 Rg7 33.
Rf8+ Kc7 34. Bg8 Bc6+ 35. Kh2 Bd5 36. Bf6 Rg4 37. Bh7 Be4 38. Bxe4 Rxe4 39. h5
Nf5 40. Bg5 c4 41. Kh3 Re1 42. g4 Ne3 43. h6 d3 44. cxd3 cxd3 45. Rd8 Rh1+ 46.
Kg3 Nd5 47. Kg2 Rxh6 48. Rxd5 Rg6 49. Bf4+ Kc6 50. Rg5 Rf6 51. Be3 Kd6 52. Ra5
Rf7 53. g5 e5 54. g6 Rc7 55. Kf3 Rc4 56. g7 1-0

[Event "Tradewise Gibraltar Chess Festival 2013"]
[Site "Gibraltar ENG"]
[Date "2013.01.30"]
[Round "9.44"]
[White "Jones, Richard S"]
[Black "Tari, Aryan"]
[Result "1/2-1/2"]
[WhiteElo "2393"]
[BlackElo "2268"]
[PlyCount "103"]
[EventDate "2013.01.22"]
[EventType "swiss"]
[EventRounds "10"]
[EventCountry "ENG"]
[Source "lmi"]
[SourceDate "2013.01.22"]

1. e4 c6 2. d4 d5 3. Nc3 dxe4 4. Nxe4 Nd7 5. Ng5 Ngf6 6. Bd3 e6 7. N1f3 Bd6 8.
Qe2 h6 9. Ne4 Nxe4 10. Qxe4 Qc7 11. O-O b6 12. Qg4 Bf8 13. b3 Bb7 14. Re1 Nf6
15. Qh4 c5 16. Ne5 cxd4 17. Qxd4 Qc5 18. Qxc5 Bxc5 19. Bb2 Ke7 20. a3 a5 21.
Bb5 Rac8 22. Nd3 Bd6 23. c4 Rhd8 24. Rad1 Bc6 25. Bxc6 Rxc6 26. a4 Rc7 27. Kf1
Rcd7 28. Ke2 g5 29. f3 Rc7 30. g4 Nd7 31. Rh1 Nc5 32. Nxc5 bxc5 33. Rd3 Rb8 34.
Kd1 Bf4 35. Kc2 Rd7 36. Rxd7+ Kxd7 37. Bc3 Ra8 38. h4 Ke7 39. hxg5 hxg5 40. Rh6
Kd7 41. Bf6 e5 42. Rh5 Rg8 43. Rh8 Rg6 44. Bd8 Ra6 45. Rf8 e4 46. fxe4 Bd6 47.
Rh8 Be5 48. Rg8 f6 49. Rf8 Ra8 50. Be7 Rxf8 51. Bxf8 Bd6 52. Bxd6 1/2-1/2

[Event "Tradewise Gibraltar Chess Festival 2013"]
[Site "Gibraltar ENG"]
[Date "2013.01.30"]
[Round "9.45"]
[White "Aloma Vidal, Robert"]
[Black "Nazarenus, Moritz"]
[Result "1-0"]
[WhiteElo "2389"]
[BlackElo "2248"]
[PlyCount "65"]
[EventDate "2013.01.22"]
[EventType "swiss"]
[EventRounds "10"]
[EventCountry "ENG"]
[Source "lmi"]
[SourceDate "2013.01.22"]

1. d4 d5 2. c4 c6 3. Nf3 Nf6 4. g3 g6 5. Bg2 Bg7 6. Qb3 dxc4 7. Qxc4 O-O 8. Nc3
Bf5 9. O-O Ne4 10. Qb4 Nxc3 11. bxc3 Qc8 12. Bg5 Re8 13. Rfe1 c5 14. Qa3 Be4
15. Rad1 e6 16. dxc5 Na6 17. Be3 Bf8 18. Bd4 b6 19. Qc1 bxc5 20. Bf6 Be7 21.
Qf4 Bxf6 22. Qxf6 Bxf3 23. Bxf3 Rb8 24. Rd6 Rb6 25. Red1 Rxd6 26. Rxd6 Nb8 27.
h4 Qc7 28. Qf4 Rd8 29. Rxd8+ Qxd8 30. h5 Nd7 31. Qd6 Qc8 32. h6 Nb6 33. g4 1-0

[Event "Tradewise Gibraltar Chess Festival 2013"]
[Site "Gibraltar ENG"]
[Date "2013.01.30"]
[Round "9.46"]
[White "Georgiadis, Nico"]
[Black "Storey, Charles H"]
[Result "1-0"]
[WhiteElo "2369"]
[BlackElo "2245"]
[PlyCount "65"]
[EventDate "2013.01.22"]
[EventType "swiss"]
[EventRounds "10"]
[EventCountry "ENG"]
[Source "lmi"]
[SourceDate "2013.01.22"]

1. e4 c5 2. Nf3 d6 3. d4 cxd4 4. Nxd4 Nf6 5. Nc3 g6 6. Be3 Bg7 7. f3 Nc6 8. Qd2
Bd7 9. O-O-O O-O 10. Kb1 Qa5 11. Nb3 Qc7 12. h4 Be6 13. Bh6 Bh8 14. Bxf8 Kxf8
15. Nd5 Bxd5 16. exd5 Ne5 17. f4 Ned7 18. c4 Nb6 19. Rc1 Na4 20. Bd3 a5 21. Rc2
b6 22. f5 Kg8 23. fxg6 hxg6 24. h5 Nxh5 25. g4 Bf6 26. gxh5 g5 27. Rg1 Nxb2 28.
Rxb2 a4 29. Nd4 Qc5 30. Rg4 Kf8 31. Rb5 Qc8 32. Bf5 Qxc4 33. Ne6+ 1-0

[Event "Tradewise Gibraltar Chess Festival 2013"]
[Site "Gibraltar ENG"]
[Date "2013.01.30"]
[Round "9.47"]
[White "Kantorik, Marian"]
[Black "Tscharotschkin, Michael"]
[Result "1/2-1/2"]
[WhiteElo "2331"]
[BlackElo "2200"]
[PlyCount "65"]
[EventDate "2013.01.22"]
[EventType "swiss"]
[EventRounds "10"]
[EventCountry "ENG"]
[Source "lmi"]
[SourceDate "2013.01.22"]

1. d4 d5 2. c4 e6 3. Nc3 c6 4. e4 dxe4 5. Nxe4 Bb4+ 6. Bd2 Qxd4 7. Bxb4 Qxe4+
8. Be2 Na6 9. Bf8 Ne7 10. Bxg7 Rg8 11. Bf6 Rg6 12. Bxe7 Kxe7 13. f3 Qh4+ 14.
Kf1 e5 15. Qd2 Be6 16. Rd1 Rag8 17. g3 Rxg3 18. hxg3 Qxh1 19. Qd6+ Kf6 20. f4
Qe4 21. Nf3 Rxg3 22. fxe5+ Kg7 23. Kf2 Nc5 24. Qxc5 Rg2+ 25. Kxg2 Qxe2+ 26. Kg3
Qxd1 27. b3 a6 28. Qe7 b5 29. cxb5 axb5 30. Qf6+ Kg8 31. Qg5+ Kf8 32. Qh6+ Kg8
33. Qg5+ 1/2-1/2

[Event "Tradewise Gibraltar Chess Festival 2013"]
[Site "Gibraltar ENG"]
[Date "2013.01.30"]
[Round "9.48"]
[White "Novoa, Fernando"]
[Black "Montero Melendez, Rafael"]
[Result "0-1"]
[WhiteElo "2017"]
[BlackElo "2316"]
[PlyCount "92"]
[EventDate "2013.01.22"]
[EventType "swiss"]
[EventRounds "10"]
[EventCountry "ENG"]
[Source "lmi"]
[SourceDate "2013.01.22"]

1. d4 Nf6 2. c4 e6 3. g3 c5 4. d5 exd5 5. cxd5 d6 6. Nc3 g6 7. Bg2 Bg7 8. Nf3
O-O 9. O-O Re8 10. Nd2 b6 11. a4 Ba6 12. Rb1 Qe7 13. Re1 Nbd7 14. Nb5 Ne5 15.
Nf3 Bxb5 16. axb5 Nxf3+ 17. Bxf3 a6 18. bxa6 Rxa6 19. b4 c4 20. b5 Ra2 21. Be3
Qc7 22. Bd4 Nd7 23. Bxg7 Kxg7 24. Ra1 Rxa1 25. Qxa1+ c3 26. Rc1 Rc8 27. Bg4 f5
28. Bh3 Nf6 29. Bg2 Qc5 30. h3 Rc7 31. Qa6 c2 32. Qa4 Qc3 33. Qf4 Qa3 34. Qd2
Qb2 35. e3 Qxb5 36. Bf1 Qb2 37. f3 Qc3 38. Qd3 b5 39. Qxc3 Rxc3 40. Bxb5 Nxd5
41. Kf2 Nxe3 42. Ke2 Nc4 43. Ba4 Na3 44. g4 Kf6 45. Kd2 Rxf3 46. Bxc2 Rf2+ 0-1

[Event "Tradewise Gibraltar Chess Festival 2013"]
[Site "Gibraltar ENG"]
[Date "2013.01.30"]
[Round "9.49"]
[White "Zhou, Yang-Fan"]
[Black "Dukaczewski, Piotr"]
[Result "1-0"]
[WhiteElo "2439"]
[BlackElo "2268"]
[PlyCount "64"]
[EventDate "2013.01.22"]
[EventType "swiss"]
[EventRounds "10"]
[EventCountry "ENG"]
[Source "lmi"]
[SourceDate "2013.01.22"]

1. e4 c5 2. Nf3 d6 3. Bc4 Nf6 4. d3 Nc6 5. c3 e6 6. Bb3 Be7 7. O-O O-O 8. Re1
Qc7 9. d4 e5 10. h3 cxd4 11. cxd4 b5 12. Bg5 Bb7 13. d5 Na5 14. Na3 a6 15. Rc1
Qd8 16. Bxf6 Bxf6 17. Bc2 b4 18. Nb1 Nc4 19. Qe2 Nb6 20. Nbd2 Nd7 21. Bd3 Qb8
22. Nc4 a5 23. Ne3 g6 24. Bb5 Nc5 25. Ng4 Be7 26. Rxc5 dxc5 27. Nfxe5 Qc7 28.
Qf3 f5 29. exf5 Rad8 30. Qe3 gxf5 31. Nh6+ Kg7 32. Qg3+ Kxh6 1-0

[Event "Tradewise Gibraltar Chess Festival 2013"]
[Site "Gibraltar ENG"]
[Date "2013.01.30"]
[Round "9.50"]
[White "Gromovs, Sergejs"]
[Black "Piasetski, Leon"]
[Result "1-0"]
[WhiteElo "2001"]
[BlackElo "2310"]
[PlyCount "139"]
[EventDate "2013.01.22"]
[EventType "swiss"]
[EventRounds "10"]
[EventCountry "ENG"]
[Source "lmi"]
[SourceDate "2013.01.22"]

1. d4 d5 2. c4 e6 3. Nc3 Nf6 4. Nf3 Nbd7 5. e3 Bb4 6. a3 Bxc3+ 7. bxc3 c5 8.
cxd5 exd5 9. Bd3 Qa5 10. Bd2 c4 11. Bc2 O-O 12. O-O Re8 13. Qb1 Ne4 14. Qb4 Qc7
15. Rfb1 Ndf6 16. Be1 b6 17. Ne5 Bf5 18. Rb2 Nd6 19. a4 Bxc2 20. Rxc2 Nb7 21.
f3 Nd7 22. Bg3 Nxe5 23. Bxe5 Rxe5 24. dxe5 Qxe5 25. Re2 Nc5 26. f4 Qe6 27. Rf1
f5 28. a5 Nd3 29. Qb5 h6 30. g3 bxa5 31. Qxa5 a6 32. Rb1 Qe4 33. Rb7 Kh8 34.
Qc7 Rg8 35. Qe7 Qf3 36. Rd2 a5 37. Rb1 a4 38. Rf1 Qe4 39. Qa7 a3 40. Ra2 Re8
41. Rxa3 Qxe3+ 42. Qxe3 Rxe3 43. Ra5 d4 44. cxd4 Re4 45. Rxf5 Rxd4 46. Rf8+ Kh7
47. Rc8 Kg6 48. Kg2 Nb2 49. Kf3 Nd1 50. Rc6+ Kf7 51. Re1 Rd3+ 52. Ke2 Nc3+ 53.
Kf1 Rd4 54. Ra1 Nb5 55. Ra5 Nd6 56. Ra7+ Ke6 57. Rxg7 Kd5 58. Rgc7 Rd2 59. Kg1
Rc2 60. g4 Ne4 61. f5 Ng5 62. f6 Nf3+ 63. Kf1 Rd2 64. Rc5+ Kd6 65. R7c6+ Kd7
66. Rc7+ Kd6 67. Rf5 Kxc7 68. Rxf3 Rd8 69. f7 Rf8 70. h4 1-0

[Event "Tradewise Gibraltar Chess Festival 2013"]
[Site "Gibraltar ENG"]
[Date "2013.01.30"]
[Round "9.51"]
[White "Vyparina, Matej"]
[Black "Pena Riasco, Alexander"]
[Result "1/2-1/2"]
[WhiteElo "2305"]
[BlackElo "2156"]
[PlyCount "123"]
[EventDate "2013.01.22"]
[EventType "swiss"]
[EventRounds "10"]
[EventCountry "ENG"]
[Source "lmi"]
[SourceDate "2013.01.22"]

1. e4 d5 2. exd5 Qxd5 3. Nc3 Qa5 4. d4 Nf6 5. Nf3 c6 6. Ne5 Be6 7. Bc4 Bxc4 8.
Nxc4 Qd8 9. Bf4 e6 10. Qe2 Be7 11. O-O-O O-O 12. h4 Nd5 13. Qf3 Nxc3 14. Qxc3
Na6 15. Qg3 Qd5 16. Bh6 Bf6 17. Bg5 Bd8 18. b3 Kh8 19. Bxd8 Raxd8 20. h5 f6 21.
h6 g6 22. Rhe1 Rf7 23. Qg4 Nc7 24. Qf4 Kg8 25. Qg3 a5 26. Ne5 Qd6 27. Nxf7 Qxg3
28. fxg3 Kxf7 29. c4 Ne8 30. Kc2 g5 31. g4 Nc7 32. Rd3 Rg8 33. Rf3 Rg6 34. Rh1
Na6 35. Kc3 Nb8 36. Rf2 Nd7 37. a3 Ke7 38. Re2 e5 39. c5 Rg8 40. Kc4 Rd8 41.
Rf1 Ke6 42. Re4 Rg8 43. Rd1 Rd8 44. Ree1 Rc8 45. dxe5 Nxe5+ 46. Kc3 Rg8 47.
Rd6+ Ke7 48. Re4 Rf8 49. Kd4 Rf7 50. Kc3 Rf8 51. Kd4 Rf7 52. b4 axb4 53. axb4
Rf8 54. b5 cxb5 55. Rxe5+ fxe5+ 56. Kxe5 Rc8 57. Rb6 Rxc5+ 58. Kd4 Rc7 59. Rxb5
Kf6 60. Rb6+ Kf7 61. Kd5 Ke7 62. Kd4 1/2-1/2

[Event "Tradewise Gibraltar Chess Festival 2013"]
[Site "Gibraltar ENG"]
[Date "2013.01.30"]
[Round "9.52"]
[White "Tate, Alan"]
[Black "Pinho, Paulo"]
[Result "0-1"]
[WhiteElo "2290"]
[BlackElo "2128"]
[PlyCount "120"]
[EventDate "2013.01.22"]
[EventType "swiss"]
[EventRounds "10"]
[EventCountry "ENG"]
[Source "lmi"]
[SourceDate "2013.01.22"]

1. e4 c5 2. Nf3 e6 3. d4 cxd4 4. Nxd4 Nf6 5. Nc3 d6 6. g4 Be7 7. g5 Nfd7 8. h4
Nc6 9. Be3 O-O 10. f4 a6 11. Qd2 Nxd4 12. Qxd4 e5 13. Qd2 exf4 14. Bxf4 Ne5 15.
Be2 Be6 16. Nd5 Rc8 17. O-O-O Bxd5 18. exd5 Qc7 19. Kb1 Rfe8 20. h5 Bd8 21.
Rhg1 Qc5 22. Bxe5 Rxe5 23. g6 Bg5 24. gxf7+ Kf8 25. Qd3 Qxc2+ 26. Qxc2 Rxc2 27.
Kxc2 Rxe2+ 28. Kd3 Re5 29. Kc4 Bf6 30. Rde1 Rxh5 31. a4 Rh4+ 32. Kb3 a5 33. Re6
Rb4+ 34. Ka3 Bxb2+ 35. Ka2 Be5 36. Rf1 Rxa4+ 37. Kb3 Rb4+ 38. Kc2 Bf4 39. Kd3
a4 40. Re4 Rxe4 41. Kxe4 Be5 42. Kf5 Kxf7 43. Rb1 g6+ 44. Kg5 h6+ 45. Kxh6 a3
46. Rxb7+ Kf6 47. Ra7 Bb2 48. Ra6 Kf5 49. Ra4 Bc1+ 50. Kg7 g5 51. Kf7 Ke5 52.
Kg6 Kxd5 53. Kf5 Kc5 54. Ra8 Kb4 55. Ke4 Kc3 56. Rc8+ Kb2 57. Kd3 Kb1 58. Rb8+
Bb2 59. Rf8 a2 60. Rf1+ Bc1 0-1

[Event "Tradewise Gibraltar Chess Festival 2013"]
[Site "Gibraltar ENG"]
[Date "2013.01.30"]
[Round "9.53"]
[White "Kurmann, Oliver"]
[Black "Bird, Andrew"]
[Result "1/2-1/2"]
[WhiteElo "2456"]
[BlackElo "2223"]
[PlyCount "109"]
[EventDate "2013.01.22"]
[EventType "swiss"]
[EventRounds "10"]
[EventCountry "ENG"]
[Source "lmi"]
[SourceDate "2013.01.22"]

1. e4 e5 2. Nf3 Nc6 3. Bc4 Bc5 4. c3 Nf6 5. d3 O-O 6. Nbd2 a5 7. O-O d6 8. h3
Be6 9. Bb5 Bd7 10. Ba4 Ne7 11. Bc2 Ng6 12. Re1 Re8 13. Nc4 a4 14. Be3 Bxe3 15.
Nxe3 Qc8 16. Kh2 Nf4 17. Ng1 d5 18. exd5 N6xd5 19. Nxd5 Nxd5 20. d4 exd4 21.
Qxd4 Bc6 22. Nf3 a3 23. b4 Nf6 24. Ne5 Bd5 25. c4 Be6 26. Re3 Rd8 27. Qc3 c5
28. bxc5 Qxc5 29. Rb1 Qc7 30. Kg1 Rd6 31. Qb4 Nd7 32. Qxb7 Qxb7 33. Rxb7 Nxe5
34. Rxe5 Bxc4 35. Ra5 Rdd8 36. Rxa8 Rxa8 37. Bb3 Bxb3 38. Rxb3 g5 39. Kf1 Kg7
40. Ke2 h5 41. Kd2 f5 42. Kc2 f4 43. Rf3 Kg6 44. Kb3 Kf5 45. Kb4 g4 46. hxg4+
Kxg4 47. Rh3 Ra7 48. Kb3 Ra8 49. Rd3 Ra7 50. Rd8 Ra6 51. Rg8+ Kf5 52. Rh8 Kg5
53. Rg8+ Kf5 54. Rh8 Kg5 55. Rg8+ 1/2-1/2

[Event "Tradewise Gibraltar Chess Festival 2013"]
[Site "Gibraltar ENG"]
[Date "2013.01.30"]
[Round "9.54"]
[White "Moreno Tejera, Emilio"]
[Black "Valgmae, Toomas"]
[Result "1-0"]
[WhiteElo "2413"]
[BlackElo "2218"]
[PlyCount "47"]
[EventDate "2013.01.22"]
[EventType "swiss"]
[EventRounds "10"]
[EventCountry "ENG"]
[Source "lmi"]
[SourceDate "2013.01.22"]

1. e4 e5 2. Nf3 Nc6 3. Bc4 Nf6 4. d3 Bc5 5. c3 O-O 6. Bb3 d5 7. Qe2 h6 8. Nbd2
a5 9. exd5 Nxd5 10. Ne4 Bb6 11. Bxh6 Nxc3 12. bxc3 gxh6 13. g4 a4 14. Bd5 Ra5
15. Bc4 Bc5 16. Rg1 Be7 17. g5 b5 18. Nh4 bxc4 19. Qh5 hxg5 20. Nxg5 Bxg5 21.
Rxg5+ Qxg5 22. Qxg5+ Kh7 23. Qh5+ Kg7 24. O-O-O 1-0

[Event "Tradewise Gibraltar Chess Festival 2013"]
[Site "Gibraltar ENG"]
[Date "2013.01.30"]
[Round "9.56"]
[White "O`toole, George E"]
[Black "Karavade, Eesha"]
[Result "1/2-1/2"]
[WhiteElo "2204"]
[BlackElo "2391"]
[PlyCount "56"]
[EventDate "2013.01.22"]
[EventType "swiss"]
[EventRounds "10"]
[EventCountry "ENG"]
[Source "lmi"]
[SourceDate "2013.01.22"]

1. e4 c5 2. c3 d6 3. d4 Nf6 4. Bd3 g6 5. dxc5 dxc5 6. e5 Ng4 7. Bb5+ Nc6 8.
Bxc6+ bxc6 9. Qxd8+ Kxd8 10. f4 h5 11. Nf3 Rb8 12. Na3 Ke8 13. Nc4 Be6 14. Nfd2
h4 15. h3 Nh6 16. Ne3 Nf5 17. Nxf5 gxf5 18. b3 c4 19. Nxc4 Bxc4 20. bxc4 Rg8
21. O-O Rg3 22. Rf3 Rxf3 23. gxf3 e6 24. Kf1 Bc5 25. Bd2 Rb2 26. Ke2 Rc2 27.
Kd1 Rb2 28. Ke2 Rc2 1/2-1/2

[Event "Tradewise Gibraltar Chess Festival 2013"]
[Site "Gibraltar ENG"]
[Date "2013.01.30"]
[Round "9.57"]
[White "Vojinovic, Jovana"]
[Black "Sanchez Castillo, Sarai"]
[Result "1-0"]
[WhiteElo "2359"]
[BlackElo "2212"]
[PlyCount "61"]
[EventDate "2013.01.22"]
[EventType "swiss"]
[EventRounds "10"]
[EventCountry "ENG"]
[Source "lmi"]
[SourceDate "2013.01.22"]

1. Nf3 d5 2. d4 c6 3. c4 Nf6 4. Qc2 dxc4 5. Qxc4 Bf5 6. g3 e6 7. Bg2 Be7 8. O-O
Nbd7 9. e3 O-O 10. Rd1 Qc7 11. Nc3 h6 12. Qe2 Ne4 13. Ne1 Ndf6 14. f3 Nxc3 15.
bxc3 c5 16. e4 Bh7 17. Bf4 Qa5 18. Rab1 b6 19. Qb2 Rac8 20. Bf1 c4 21. Qb5 Qxb5
22. Rxb5 g5 23. Bd2 g4 24. e5 Nd5 25. a4 h5 26. Bg2 Rfd8 27. Ra1 a6 28. Rb2 Rb8
29. fxg4 hxg4 30. Nc2 b5 31. Bxd5 1-0

[Event "Tradewise Gibraltar Chess Festival 2013"]
[Site "Gibraltar ENG"]
[Date "2013.01.30"]
[Round "9.58"]
[White "Semprun Martinez, Fernando"]
[Black "Ortega Ruiz, Jose Miguel"]
[Result "0-1"]
[WhiteElo "2201"]
[BlackElo "2349"]
[PlyCount "58"]
[EventDate "2013.01.22"]
[EventType "swiss"]
[EventRounds "10"]
[EventCountry "ENG"]
[Source "lmi"]
[SourceDate "2013.01.22"]

1. e4 d5 2. exd5 Qxd5 3. Nc3 Qa5 4. d4 Nf6 5. Nf3 Bg4 6. h3 Bh5 7. g4 Bg6 8.
Ne5 e6 9. Nc4 Qa6 10. Nb5 Qc6 11. f3 Nbd7 12. c3 a6 13. Na5 Qb6 14. Nc4 Qxb5
15. Nd6+ Bxd6 16. Bxb5 axb5 17. Kf2 h5 18. g5 Nd5 19. f4 Bf5 20. Kg2 Nf8 21.
Qe2 c6 22. Be3 Ng6 23. Qd2 f6 24. b3 fxg5 25. fxg5 O-O 26. c4 bxc4 27. bxc4 Ra3
28. Qe2 Nh4+ 29. Kg1 Bg4 0-1